000 00886nam a2200253 a 4500
001 000016496
005 20250520120032.0
008 100305s1998 dr r 000 0 spa d
040 _aDO-SdBNP
_bspa
_cBNPHU
082 _a371.4
_bB639t
100 1 _aBlanchard, Mercedes
_936725
245 1 0 _aTendencias actuales de la orientación hoy /
_cMercedes Blanchard, María Dolores Muzás.
260 _aSanto Domingo :
_bCentro Poveda,
_c1998.
300 _a96 p. ;
_c29 cm.
490 1 _aCuadernos de Sociedad y Educación
_v10
504 _aBibliografía : p. 92-96.
590 _aInventariado, 2018/BT
650 4 _aOrientación estudiantil
_9734
650 0 _aPsicopedagogía
_91570
650 4 _aTrabajo social escolar
_936726
700 1 _aMuzás, María Dolores
_936727
830 0 _aCuadernos de Sociedad y Educación
_n10
_936728
910 _aValidado. Control de la calidad. EMS
999 _c16031
_d16031